| 000 | 01240nam0a22003011 4500 | ||
|---|---|---|---|
| 001 | rc\3190351 | ||
| 005 | 20120628150617.1 | ||
| 021 |
_aRU _b[75-9723] |
||
| 035 | _a(NLR Aleph) 007351059 | ||
| 090 |
_a6209381 _c6209381 |
||
| 100 | _a20120628d1975 |||y0rusy50 ca | ||
| 101 | 1 |
_arus _clit |
|
| 102 | _aRU | ||
| 105 | _aa z |||a| | ||
| 200 | 1 |
_aЯ - миссионер _e[Докум. повесть _fПер. с литов. Д. Бальчюнайте _gВступ. статья д-ра ист. наук И.Р. Григулевича] |
|
| 210 |
_aМосква _cПолитиздат _d1975 |
||
| 215 |
_a128 с. _cил. _d20 |
||
| 606 |
_aМиссионерство в Эквадоре _z20 в. _2psbo |
||
| 606 |
_aКатолическая церковь в Эквадоре _z20 в. _2psbo |
||
| 700 | 1 |
_aГирскис _bА. К. _gАльфонсас Казио |
|
| 701 | 1 |
_aЯунишкис _bБ. Ф. _gБронюс Феликсо |
|
| 702 | 1 |
_aБальчюнайте _bД. _4730 |
|
| 702 | 1 |
_aГригулевич _bИ. Р. _cд-р ист. наук _f1913-1988 _gИосиф Ромуальдович _3RU\NLR\AUTH\7713732 _4080 |
|
| 801 | 0 |
_aRU _bNLR _gpsbo |
|
| 801 | 1 |
_aRU _bELAR _2rusmarc |
|
| 852 |
_aNLR _j74-3/7530 |
||
| 942 | _cBOOK | ||
| 980 | _aNB | ||